000 00314nam a22001337a 4500
020 _a0000000276504
040 _cNUST
082 _a297 QAI
100 _aHafiz Amad-ud-Din
_9113233
245 _aQainat Kaisay Wajood Main Aai
260 _aLahore:
_bBait-ul-Uloom,
_c2004.
650 _aIslam
942 _2ddc
_cBK
999 _c594984
_d594984